000 00975nam a2200313Ia 4500
003 OSt
005 20221006155842.0
006 a|||||r|||| 00| 0
007 ta
008 221006b |||||||| |||| 00| 0 eng d
020 _a415020506
020 _a9780415020503
_c¥23063
024 _a43,678
037 _bGift, Japan Foundation
_cTextual
040 _aEASL
_cEASL
_beng
041 _2eng
_aeng
082 _aX8(J):2.42.N8, N0
100 _aVan der Meer Cornelis L.J.
_9291926
245 0 _aJapanese Agriculture
_b A comparative economic analysis
260 _aLondon
_bRoutledge England
_c2009
300 _a217p.
_ccm.
490 _v JEL
650 _a Agriculture and state Japan
_9670618
650 _a JEL
650 _aAgricultural productivity - Japan
_9670619
700 _a Yamada Saburo
942 _hX8(J):2.42.N8, N0
_cTEXL
_2CC
999 _c1111764
_d1111764